header

Madeline and the bad hat (Record no. 262784)

MARC details
000 -LEADER
fixed length control field 00220nam a22000977a 4500
020 ## - INTERNATIONAL STANDARD BOOK NUMBER
ISBN 01410502068
100 ## - MAIN ENTRY--AUTHOR NAME
Personal name Ludwig Bemelmans
245 ## - TITLE STATEMENT
Title Madeline and the bad hat
260 ## - PUBLICATION, DISTRIBUTION, ETC. (IMPRINT)
Place of publication U.S.A
Name of publisher Viking Press
Year of publication 1956
942 ## - ADDED ENTRY ELEMENTS (KOHA)
Koha item type Long Loan Books
Holdings
Withdrawn status Lost status Collection code Home library Current library Shelving location Date acquired Accession Number Koha item type
    Fiction Rongo University Library Rongo University Library Children's Area 07/02/2024 CL20211533 Long Loan Books

© 2026 Rongo University
Contact us: librarian | system librarian | Rongo university